Un cadavere a Deptford /

Saved in:
Bibliographic Details
Main Author: Burgess, Anthony (Author)
Format: Book
Language:Italian
Published: [Milano] : Garzanti, 1995
Series:Narratori moderni
Subjects:
Tags: Add Tag
No Tags, Be the first to tag this record!

MARC

LEADER 00000nam a22000007i 4500
001 IT\ICCU\LO1\0359501
003 ItRI
005 20250220215952.0
008 950313s1995 it |||||| ||||| |||||c
015 |2 IT  |a 96-2009 
020 |a 8811660777 
040 |b ita  |c ARCIGAY RIMINI 
041 7 |a ita  |2 ISO-639-2 
082 |a 823.914  |2 20 
100 1 |a Burgess, Anthony  |0 IT\ICCU\CFIV\004486  |4 aut 
240 1 2 |a A dead man in Deptford.  |9 Burgess, Anthony 
245 1 3 |a Un cadavere a Deptford /  |c Anthony Burgess. 
260 |a [Milano] :  |b Garzanti,  |c 1995 
300 |a 320 p. ;  |c 22 cm 
500 |a Traduzione di Lydia Salerno 
650 7 |a Marlowe, Christopher  |2 scbi 
830 0 |a Narratori moderni  |0 IT\ICCU\CFI\0000081 
942 |2 ddc  |c BK 
952 |0 0  |1 0  |2 ddc  |4 0  |6 823_914000000000000_BUR_CAD  |7 1  |9 3293  |a RN  |b RN  |d 2025-02-20  |e DONO RIMONDINI  |l 0  |o 823.914 BUR CAD  |p 10552  |r 2025-02-20 22:00:36  |w 2025-02-20  |y BK 
981 1 |6 z01  |a i   |b xxxe  
982 1 |6 z01  |a n 
999 |c 2610  |d 2610